• 首页
  • 本馆介绍
  • 公告通知
  • 最新文献
  • 馆藏检索
  • 电子资源
  • 读者导购
  • 参考咨询
  • 我的图书馆
  • 登录
  • 详细信息显示
  • 放入我的书架
  • 预约/预借图书
  • 作者相关作品
  • 分类相关作品
  • 丛书相关作品
  • 出版社相关作品

书目信息

  • 表格格式
  • 工作单格式
  • 卡片格式
题名:
中国历史上的“坏”女人
    
 
作者: 滕佳君 , 张斌 编著
分册:  
出版信息: 哈尔滨   哈尔滨出版社  2012.05
页数: 308页
开本: 24cm
丛书名:
单 册:
中图分类: K828.5=2
科图分类:
主题词: 女性--名人--生平事迹--中国--古代 , 女性 , 名人
电子资源:
ISBN: 978-7-5484-0943-4
000 01097oam2 2200301 450
001 005263763
005 20130608092127.06
010    @a978-7-5484-0943-4@dCNY36.00
035    @a005800413
100    @a20120606d2012 em y0chiy0110 ea
101 0  @achi
102    @aCN@b230000
105    @aa z 000yd
106    @ar
200 1  @a中国历史上的“坏”女人@9zhong guo li shi shang de “huai”nv ren@dThe bad women in Chinese history@f滕佳君,张斌编著@zeng
210    @a哈尔滨@c哈尔滨出版社@d2012.05
215    @a308页@c图@d24cm
300    @a非凡女人
330    @a本书是一本历史文化类图书,书中的女性,是中国历朝历代以“坏”为标榜的女性群落。收录的有早到妲己,晚到清朝的慈禧的故事,有的具有名人逸事的色彩,有的将其置于历史史实展开叙述。从另一个视角展示了这些女性的才情和智慧,并作了客观的评价。
510 1  @aBad women in Chinese history@zeng
606 0  @a女性@x名人@x生平事迹@y中国@z古代
606 0  @a女性
606 0  @a名人
690    @aK828.5=2@v5
701  0 @a滕佳君@9teng jia jun@4编著
701  0 @a张斌@9zhang bin@4编著
801  0 @aCN@bNLC@c20120615
905    @dK828.5=2@e48
    
    中国历史上的“坏”女人=The bad women in Chinese history/滕佳君,张斌编著.-哈尔滨:哈尔滨出版社,2012.05
    308页:图;24cm
    非凡女人
    
    ISBN 978-7-5484-0943-4:CNY36.00
    本书是一本历史文化类图书,书中的女性,是中国历朝历代以“坏”为标榜的女性群落。收录的有早到妲己,晚到清朝的慈禧的故事,有的具有名人逸事的色彩,有的将其置于历史史实展开叙述。从另一个视角展示了这些女性的才情和智慧,并作了客观的评价。
●
相关链接 在E读中查询图书 在五车中查询图书 在当当中查询图书 在豆瓣中查询图书


正题名:中国历史上的"坏"女人     索取号:K828.5=2/48         预约/预借

序号 登录号 条形码 馆藏地/架位号 状态 备注
1 0543691   205436919   第二样本阅览室/ [索取号:K828.5=2/48] 在馆    
2 0543692   205436928   第二借阅区/ [索取号:K828.5=2/48] 在馆    
3 0543693   205436937   第二借阅区/ [索取号:K828.5=2/48] 在馆    
4 0543694   205436946   第二借阅区/ [索取号:K828.5=2/48] 在馆    
5 0543695   205436955   第二借阅区/ [索取号:K828.5=2/48] 在馆    
唐山师范学院图书馆 欢迎您!
大连网信软件有限公司© 版权所有